載入...
Story of Jawaharlal Nehru /
| 主要作者: | |
|---|---|
| 其他作者: | |
| 格式: | Printed Book |
| 語言: | English |
| 出版: |
Publication Division Govt of india,
1971.
|
| LEADER | 00403nam a2200121Ia 4500 | ||
|---|---|---|---|
| 008 | 150624b xxu||||| |||| 00| 0 eng d | ||
| 100 | |a Sawant, S. D. | ||
| 245 | |a Story of Jawaharlal Nehru / |c S. D. Sawant | ||
| 260 | |b Publication Division Govt of india, |c 1971. | ||
| 700 | |a Badalkar, S. D. | ||
| 942 | |c BK | ||
| 999 | |c 17825 |d 17825 | ||
| 952 | |0 1 |1 0 |4 1 |7 0 |9 17824 |a UL |b UL |c ST1 |d 1998-09-01 |l 0 |p 27183 |r 2012-10-27 |w 2012-10-27 |y BK | ||